Mazurka /

Збережено в:
Бібліографічні деталі
Автор: Michener, James A. (autor)
Формат: Книга
Мова:German
Опубліковано: Munich, Alemania : Knaur, 1987, c1984
Предмети:
Теги: Додати тег
Немає тегів, Будьте першим, хто поставить тег для цього запису!

MARC

LEADER 00000nam^a2200000^a^4500
001 000380942
005 20250521000000.0
009 20260310120629.684
020 |a 3-426-01513-7 
037 |a Acervo ITESO - Biblioteca 
041 |a ALE 
082 |a 813.  |b MIC 
100 |a Michener, James A.  |e (autor) 
245 1 0 |a Mazurka /  |c J.A. Michener ; tr. por Hans Erik Hausner, Hilde Linnert. 
264 4 |a Munich, Alemania :  |b Knaur,  |c 1987, c1984 
300 |a 783 p. 
336 |a texto  |b txt  |2 rdacontenido 
337 |a sin mediación  |b n  |2 rdamedio 
338 |a volumen  |b nc  |2 rdasoporte 
545 0 |a El escritor norteamericano James Albert Michener (1907-1997) sobresale por sus novelas de tipo histórico que revelan su experiencia como combatiente en la Segunda Guerra Mundial y su dedicada investigación. Narra su participación como teniente de marina en su novela Sucedió en el Pacífico (1946), con la que obtuvo el Premio Pulitzer de 1948. Destacan también Los puentes de Toko-Ri (1953); Sayonara (1954); Hawai (1959), todas ellas llevadas al cine; Caravanas (1963); Centennial (1974); Bahía de Chesapeake (1978) y Alaska (1988); otras obras como Iberia (1968), libro de viaje y The World is My Home (1992), memorias. 
649 |a XX 
650 |a Polonia en la Literatura 
650 |a Mazurca -  |z Polonia 
650 |a Novela Norteamericana 
650 |a Literatura Norteamericana -  |y Siglo XX 
910 |a Fondo General 
920 |a Impresos - Libros 
930 |a Colección General 
940 |a Literatura 
905 |a 101 
901 |a 0500275954  |b IT1  |c LIT  |i D78361  |u 20250521 
902 |a https://opac.biblio.iteso.mx/vufind/Record/000380942